[Event "Thueringen-ch Seniors 5th"]
[Site "Bad Frankenhausen"]
[Date "2006.05.15"]
[Round "4"]
[White "Schwarz, Dieter"]
[Black "Knobling, Rolf"]
[Result "0-1"]
[WhiteElo "1322"]
[BlackElo "1371"]
[PlyCount "48"]
[EventDate "2006.05.13"]
[EventType "swiss"]
[EventRounds "7"]
[EventCountry "GER"]
[SourceTitle "EXT 2007"]
[Source "ChessBase"]
[SourceDate "2006.11.23"]
[SourceVersion "1"]
[SourceVersionDate "2006.11.23"]
[SourceQuality "1"]

1. Nf3 d5 2. d4 Nf6 3. e3 e6 4. Nbd2 Bd6 5. a3 c5 6. dxc5 Bxc5 7. b4 Bd6 8. Bb2 0-0 9. c4 dxc4 10. Bxc4 Qe7 11. 0-0 b6 12. e4 e5 13. Qe2 Bb7 14. Ne1 Nbd7 15. Nc2 a5 16. b5 Rfc8 17. a4 Rc7 18. Rfc1 Rac8 19. Ne3 Nxe4 20. Nf5 Qg5 21. Nxe4 Bxe4 22. Qxe4 Nf6 23. Qd3 Bb4 24. Nd6 Bxd6 0-1